Le Mans 24 Hours 2026 Entry List - Statistics

General Stats
  • This quiz has been taken 4 times
  • The average score is 88 of 185
Answer Stats
Team # Nat. Answer % Correct
Ferrari AF Corse 51 ITA Alessandro Pier Guidi
100%
Aston Martin Thor Team 009 ESP Alex Riberas
100%
Ferrari AF Corse 50 ITA Antonio Fuoco
100%
Ferrari AF Corse 51 ITA Antonio Giovinazzi
100%
Toyota Racing 8 NZL Brendon Hartley
100%
Nielsen Racing 24 DEN David Heinemeier Hansson
100%
Duqueine Team 30 FRA Doriane Pin
100%
Cadillac Hertz Team JOTA 38 NZL Earl Bamber
100%
Alpine Endurance Team 36 FRA Frederic Makowiecki
100%
United Autosports 22 SUI Gregory Saucy
100%
Ferrari AF Corse 51 GBR James Calado
100%
Duqueine Team 30 FRA Julien Andlauer
100%
Toyota Racing 7 JAP Kamui Kobayashi
100%
TDS Racing 14 FRA Kevin Estre
100%
BMW M Team WRT 15 DEN Kevin Magnussen
100%
AO by TF 99 SUI Louis Deletraz
100%
Aston Martin Thor Team 009 DEN Marco Sorensen
100%
Algarve Pro Racing 25 DEN Michael Jensen
100%
Toyota Racing 7 GBR Mike Conway
100%
United Autosports 22 DEN Mikkel Jensen
100%
Ferrari AF Corse 50 DEN Nicklas Nielsen
100%
Toyota Racing 7 NED Nyck de Vries
100%
AF Corse 83 GBR Phil Hanson
100%
DKR Engineering 3 NED Renger van der Zande
100%
Duqueine Team 30 NED Richard Verschoor
100%
AF Corse 83 POL Robert Kubica
100%
Aston Martin Thor Team 007 GBR Ross Gunn
100%
Toyota Racing 8 JAP Ryo Hirakawa
100%
Cadillac Hertz Team JOTA 38 FRA Sebastien Bourdais
100%
Toyota Racing 8 SUI Sebastien Buemi
100%
BMW M Team WRT 20 RSA Sheldon van der Linde
100%
CLX Motorsport 37 DEN Theodor Jensen
100%
Cadillac Hertz Team JOTA 12 GBR Will Stevens
100%
AF Corse 83 CHN Yifei Ye
100%
CLX Motorsport 37 FRA Adrien Closmenil
50%
TF Sport 2 MAL Afiq Ikhwan
50%
Vista AF Corse 21 ITA Alessio Rovera
50%
Crowdstrike Racing by APR 4 GBR Alexander Quinn
50%
Garage 59 58 SWE Alexander West
50%
Cadillac Hertz Team JOTA 12 GBR Alex Lynn
50%
Genesis Magma Racing 17 GER Andre Lotterer
50%
Garage 59 10 HKG Antares Au
50%
Alpine Endurance Team 35 POR Antonio Felix da Costa
50%
Team WRT 32 BRA Augusto Farfus
50%
AF Corse 183 GBR Ben Barnicoat
50%
TF Sport 2 GBR Ben Green
50%
United Autosports 222 GBR Ben Hanley
50%
TF Sport 33 USA Ben Keating
50%
Inter Europol Competition 343 USA Bijoy Garg
50%
Alpine Endurance Team 35 FRA Charles Milesi
50%
AO by TF 99 USA Dana Cameron
50%
Team WRT 69 GBR Dan Harper
50%
Genesis Magma Racing 19 ESP Daniel Juncadella
50%
United Autosports 222 BRA Daniel Schneider
50%
Kessel Racing 57 BRA Daniel Serra
50%
Team WRT 32 GBR Darren Leung
50%
Vista AF Corse 54 ITA Davide Rigon
50%
BMW M Team WRT 15 BEL Dries Vanthoor
50%
Heart of Racing Team 23 BRA Eduardo Barrichello
50%
Nielsen Racing 24 GBR Edward Pearson
50%
Algarve Pro Racing 25 ITA Enzo Trulli
50%
Forestier Racing by Panis 29 FRA Esteban Masson
50%
Alpine Endurance Team 35 AUT Ferdinand Habsburg
50%
Cadillac WTR 101 POR Filipe Albuquerque
50%
Vista AF Corse 54 ITA Francesco Castellacci
50%
Vista AF Corse 21 FRA Francois Heriau
50%
AF Corse 183 FRA Francois Perrodo
50%
RD Limited 48 USA Fred Poordad
50%
Crowdstrike Racing by APR 4 USA George Kurtz
50%
Team Qatar by Iron Lynx 62 FRA Giuliano Alesi
50%
Heart of Racing Team 23 USA Gray Newell
50%
Proton Competition 9 GBR Harry King
50%
Aston Martin Thor Team 007 GBR Harry Tincknell
50%
Proton Competition 44 AUT Horst Felix Felbermayr
50%
Proton Competition 44 AUT Horst Jr Felbermayr
50%
CLX Motorsport 37 MEX Ian Aguilera
50%
Heart of Racing Team 27 USA Ian James
50%
Cadillac Hertz Team JOTA 38 GBR Jack Aitken
50%
Nielsen Racing 24 AUS Jack Doohan
50%
Algarve Pro Racing 25 GBR Jake Hughes
50%
Inter Europol Competition 43 POL Jakub Smiechowski
50%
IDEC Sport 28 NED Job van Uitert
50%
DKR Engineering 3 CAN Johan Farano
50%
Proton Competition 9 GER Jonas Ried
50%
Heart of Racing Team 23 GBR Jonny Adam
50%
Cadillac WTR 101 USA Jordan Taylor
50%
Akkodis ASP Team 87 ARG Jose Maria Lopez
50%
Alpine Endurance Team 36 FRA Jules Gounon
50%
13 Autosport 13 GER Lars Kern
50%
Crowdstrike Racing by APR 4 GER Laurin Heinrich
50%
Peugeot TotalEnergies 94 FRA Loic Duval
50%
Forestier Racing by Panis 29 FRA Louis Rousset
50%
Peugeot TotalEnergies 94 DEN Malthe Jakobsen
50%
Garage 59 10 GER Marvin Kirchhofer
50%
Genesis Magma Racing 19 FRA Mathieu Jaminet
50%
Genesis Magma Racing 17 FRA Mathys Jaubert
50%
13 Autosport 13 GBR Matthew Bell
50%
AF Corse 183 FRA Matthieu Vaxiviere
50%
Heart of Racing Team 27 ITA Mattia Drudi
50%
Iron Lynx 61 BEL Maxime Martin
50%
Ferrari AF Corse 50 ESP Miguel Molina
50%
Inter Europol Competition 43 GBR Nicholas Yelloly
50%
Peugeot TotalEnergies 93 NZL Nick Cassidy
50%
Inter Europol Competition 343 SUI Nico Mueller
50%
Cadillac Hertz Team JOTA 12 FRA Norman Nato
50%
Forestier Racing by Panis 29 GBR Oliver Gray
50%
United Autosports 222 GBR Oliver Jarvis
50%
13 Autosport 13 CAN Orey Fidani
50%
Peugeot TotalEnergies 93 GBR Paul di Resta
50%
IDEC Sport 28 FRA Paul Lafargue
50%
Genesis Magma Racing 19 FRA Paul-Loup Chatin
50%
Vector Sport 26 BRA Pietro Fittipaldi
50%
Genesis Magma Racing 17 BRA Pipo Derani
50%
AO by TF 99 USA PJ Hyett
50%
TF Sport 2 MAL Prince Jefri Ibrahim
50%
BMW M Team WRT 15 SUI Raffaele Marciello
50%
United Autosports 22 SWE Rasmus Lindh
50%
BMW M Team WRT 20 GER Rene Rast
50%
Inter Europol Competition 343 FRA Reshad de Gerus
50%
Cadillac WTR 101 USA Ricky Taylor
50%
BMW M Team WRT 20 NED Robin Frijns
50%
RD Limited 48 FRA Romain Dumas
50%
Aston Martin Thor Team 009 CAN Roman De Angelis
50%
Vector Sport 26 IRE Ryan Cullen
50%
Team WRT 32 IDN Sean Gelael
50%
DKR Engineering 3 MEX Sebastian Alvarez
50%
Vista AF Corse 21 GBR Simon Mann
50%
Proton Competition 44 GER Stefan Aust
50%
Peugeot TotalEnergies 93 BEL Stoffel Vandoorne
50%
Kessel Racing 57 JAP Takeshi Kimura
50%
Peugeot TotalEnergies 94 FRA Theo Pourchaire
50%
Garage 59 10 GBR Thomas Fleming
50%
Vista AF Corse 54 SUI Thomas Flohr
50%
TDS Racing 14 CAN Tobias Lutke
50%
Inter Europol Competition 43 FRA Tom Dillmann
50%
Aston Martin Thor Team 007 GBR Tom Gamble
50%
RD Limited 48 FRA Tristan Vautier
50%
IDEC Sport 28 FRA Valerio Rinicella
50%
Alpine Endurance Team 36 FRA Victor Martins
50%
Vector Sport 26 GRE Vladislav Lomko
50%
Heart of Racing Team 27 CAN Zacharie Robichon
50%
Team Qatar by Iron Lynx 62 QAT Abdulla Al-Khelaifi
0%
Team WRT 69 USA Anthony McIntosh
0%
Garage 59 58 DEN Benjamin Goethe
0%
Proton Competition 77 GBR Ben Tuck
0%
Racing Team Turkey by TF 34 IRL Charlie Eastwood
0%
Akkodis ASP Team 87 AUT Clemens Schmid
0%
Racing Spirit of Leman 59 FRA Clement Mateu
0%
Kessel Racing 57 DEN Conrad Laursen
0%
Richard Mille AF Corse 150 USA Custodio Toledo
0%
Kessel Racing 74 GER Dennis Marschall
0%
Kessel Racing 74 USA Dustin Blattner
0%
Proton Competition 77 USA Eric Powell
0%
Garage 59 58 GER Finn Gerhsitz
0%
Proton Competition 88 ITA Gianmarco Levorato
0%
Akkodis ASP Team 78 FRA Hadrien David
0%
Akkodis ASP Team 78 GBR Jack Hawksworth
0%
Manthey DK Engineering 91 GBR James Cottingham
0%
Iron Lynx 79 ITA Johannes Zelger
0%
TF Sport 33 GBR Jonny Edgar
0%
Team Qatar by Iron Lynx 62 GER Julian Hanses
0%
Proton Competition 9 JAP Kakunoshin Ohta
0%
Richard Mille AF Corse 150 FRA Lilou Wadoux
0%
Iron Lynx 79 NED Lin Hodenius
0%
Proton Competition 88 USA Logan Sargeant
0%
Racing Spirit of Leman 59 FRA Marius Fossard
0%
Iron Lynx 61 AUS Martin Berry
0%
TDS Racing 14 SUI Mathias Behce
0%
Iron Lynx 79 ITA Matteo Cressoni
0%
TF Sport 33 NED Nicky Catsburg
0%
Team WRT 69 CAN Parker Thompson
0%
Kessel Racing 74 CAN Parker Thompson
0%
Racing Team Turkey by TF 34 IRL Peter Dempsey
0%
Akkodis ASP Team 87 ROM Petru Umbrarescu
0%
Richard Mille AF Corse 150 ITA Riccardo Agostini
0%
The Bend Manthey 92 ITA Riccardo Pera
0%
The Bend Manthey 92 AUT Richard Lietz
0%
Iron Lynx 61 ANG Rui Andrade
0%
Racing Team Turkey by TF 34 TUR Salih Yoluc
0%
Proton Competition 77 GBR Sebastian Priaulx
0%
Proton Competition 88 ITA Stefano Gattuso
0%
Manthey DK Engineering 91 TBC Timur Boguslavskiy
0%
Akkodis ASP Team 78 BEL Tom Van Rompuy
0%
Racing Spirit of Leman 59 FRA Valentin Hasse Clot
0%
The Bend Manthey 92 AUS Yasser Shahin
0%
No matching quizzes found
Score Distribution
Percent of People with Each Score
Percentile by Number Answered
Your Score History
You have not taken this quiz